000 00346nam a2200145Ia 4500
008 150201s2012 xx 000 0 und d
082 _a612.015
_bB12M
100 _aMALHOTRA , V.K.
245 _aBIOCHEMISTRY FOR STUDENTS
250 _a12TH
260 _bJAYPEE
_aDELHI
_c2012
300 _a1-406
650 _aBIOCHEMISTRY
942 _2ddc
_cBK
_053
999 _c1635
_d1635